_Basic Marketing A global managerial Approach E. Jerome McCarthy (Record no. 7584)
[ view plain ]
| 000 -LEADER | |
|---|---|
| fixed length control field | 00441nam a2200145Ia 4500 |
| 008 - FIXED-LENGTH DATA ELEMENTS--GENERAL INFORMATION | |
| fixed length control field | 151021s9999 xx 000 0 und d |
| 050 ## - LIBRARY OF CONGRESS CALL NUMBER | |
| Classification number | HF 5415.13 .M369 |
| 245 ## - TITLE STATEMENT | |
| Title | _Basic Marketing A global managerial Approach E. Jerome McCarthy |
| 260 ## - PUBLICATION, DISTRIBUTION, ETC. (IMPRINT) | |
| Place of publication, distribution, etc. | Boston Irwin 1993 |
| 300 ## - PHYSICAL DESCRIPTION | |
| Extent | xxii,763p,;ill |
| 500 ## - GENERAL NOTE | |
| General note | Includes index |
| 650 ## - SUBJECT ADDED ENTRY--TOPICAL TERM | |
| Topical term or geographic name as entry element | _Marketing Management |
| 700 ## - ADDED ENTRY--PERSONAL NAME | |
| Personal name | _William D. Perreault |
| 980 ## - EQUIVALENCE OR CROSS-REFERENCE-SERIES STATEMENT--PERSONAL NAME/TITLE [LOCAL, CANADA] | |
| Personal name | ^d20110707 02:02:06^oanne |
No items available.